MACROECONOMIC READINGS (Record no. 583630)

000 -LEADER
fixed length control field 00249nam a22001097a 4500
082 ## - DEWEY DECIMAL CLASSIFICATION NUMBER
Classification number 339.3 MAC'L
100 ## - MAIN ENTRY--PERSONAL NAME
Personal name LINDAUR, JOHN
9 (RLIN) 78519
245 ## - TITLE STATEMENT
Title MACROECONOMIC READINGS
260 ## - PUBLICATION, DISTRIBUTION, ETC.
Place of publication, distribution, etc. LONDON
Name of publisher, distributor, etc. COLLIER MACMILLAN
Date of publication, distribution, etc. 1968
300 ## - PHYSICAL DESCRIPTION
Extent 411P
942 ## - ADDED ENTRY ELEMENTS (KOHA)
Koha item type Book
Holdings
Withdrawn status Lost status Damaged status Not for loan Permanent Location Current Location Shelving location Date acquired Total Checkouts Full call number Barcode Date last seen Price effective from Koha item type
        College of Electrical & Mechanical Engineering (CEME) College of Electrical & Mechanical Engineering (CEME) General Stacks 06/16/2017   339.3 MAC'L CEME-8028 06/28/2021 06/28/2021 Book
© 2023 Central Library, National University of Sciences and Technology. All Rights Reserved.